| 000 | 00357nam a2200133Ia 4500 | ||
|---|---|---|---|
| 008 | 150202s9999 xx 000 0 und d | ||
| 020 | _a345296451 | ||
| 050 |
_aFIC _bFIC |
||
| 100 | _aGrant, David. | ||
| 245 |
_aEmerald decision / _cBill Granger. |
||
| 260 |
_aNew York : _bBallantine Books, _c1980. |
||
| 300 |
_a355 pages : _c18 cm. |
||
| 650 | _aFiction. | ||
| 999 |
_c282039 _d282039 |
||